000 00552nam a2200205Ia 4500
005 20250923144401.0
008 008 250917s9999 xx 000 0 eng d
037 _aTextual
040 _aDSWL
_beng
_cDSWL
041 _aeng
_2eng
084 _aTu1:N4, J0
_qDSWL
100 _aHans, Nicholas
_9824343
245 0 _aComparative education
_cby Nicholas Hans
260 _aLondon
_bRoutedge
_c1950
300 _a333 p.
365 _aINR
_b21
925 _g21
942 _cTEXL
_hTu1:N4, J0
999 _c1438161
_d1438161